000 00721nam a2200217Ia 4500
003 GCL
008 140319s9999 xx 000 0 ara d
020 _a9267214977
040 _aGCL /
_cGCL
082 0 4 _a814.008
_bا ن
100 1 _aانيس منصور
245 1 0 _aنحن اولاد الغجر /
_cانيس منصور
700 1 _aداليا محمد ابراهيم
250 _aالرابعة
260 _aالقاهرة :
_bنهضة مصر للطباعة والنشر والتوزيع ،
_c2006
300 _a250 ص ؛
_c19 سم
650 0 4 _aالادب العربى
650 0 4 _aالادب العربى - مقالات
650 0 4 _aالمقالات العربية - مجموعات
942 _2ddc
_cBK
999 _c8686
_d8686